| 000 | 00892nam a2200217Ia 4500 | ||
|---|---|---|---|
| 008 | 0000002008 usa 0000000000eng00 | ||
| 020 | _a974942189 | ||
| 090 | _aPUS00 D85s | ||
| 100 | 1 | _aDuncan, Michael | |
| 245 | 1 | 0 |
_aSeeing the light postmodern luminous landscapes _b: by Frederick S. Wight _c/ essay by Michael Duncan ; photography Gerard Veuillemier |
| 300 |
_a128 p. _c/ 28 cm. |
||
| 500 | _aExposición realizada en Louis Stern Fine Arts, West Hollywood, Abril 12 Junio 7, 2008 \ Registro auspiciado por la FGAA. Bogotá | ||
| 600 | 0 | 0 |
_aWIGHT, FREDERICK S., 19021986/ _xTRABAJOS PICTORICOS |
| 650 | 1 | 4 | _aARTE CONTEMPORANEO ESTADOUNIDENSE |
| 650 | 1 | 4 | _xCATALOGOS |
| 650 | 1 | 4 | _xEXPOSICIONES |
| 650 | 1 | 4 | _aPINTORES ESTADOUNIDENSES |
| 650 | 1 | 4 | _aPINTURA ESTADOUNIDENSE |
| 700 | 1 | _aVeuilemier, Gerard | |
| 999 |
_c9765 _d9765 |
||
| 260 |
_aWest Hollywood : Louis Stern Fine Arts _c2008 |
||